000 00646nam a22001937a 4500
999 _c172317
_d172317
005 20200131150330.0
010 _aA-431150
020 _c170.00
_a-
035 _aA-431150
037 _bDBAD/PUB
_a-
082 _a846
100 _aسيد مظفر حسين بر نی
245 _aکليا ت مکا تيب ا قبا ل
_cسيد مظفر حسين بر نی
246 _bKuliyat-e-Makatib-e-Iqbal (Urdu)
_aby Syed Muzafer Hussain Barni
260 _aDelhi
_bUrdu Academy
_c1989 ء
270 _aGhata Masjid Road,Darya Ganj,
_bDelhi
_e110002
_k-
_l-
300 _a1207 ص
_c22 Cm(Hb)
942 _2ddc
_cUR
_h846
_mا ق ب